• 首页
  • 本馆介绍
  • 公告通知
  • 最新文献
  • 馆藏检索
  • 电子资源
  • 读者导购
  • 参考咨询
  • 我的图书馆
  • 登录
  • 详细信息显示
  • 放入我的书架
  • 预约/预借图书
  • 作者相关作品
  • 分类相关作品
  • 丛书相关作品
  • 出版社相关作品

书目信息

  • 表格格式
  • 工作单格式
  • 卡片格式
题名:
毛泽东品书论人
    
 
作者: 卢志丹, 著
分册:  
出版信息: 北京   国际文化出版公司  2018重印
页数: 190页
开本: 23cm
丛书名:
单 册:
中图分类: A841.691 , I206.2
科图分类:
主题词: 毛泽东著作研究--mao ze dong zhu zuo yan jiu--古典文学--中国 , 古典文学--gu dian wen xue--鉴赏--中国 , 毛泽东著作研究--mao ze dong zhu zuo yan jiu--历史人物--中国
电子资源:
ISBN: 978-7-5125-0571-1
000 01289cam0 2200301 45
001 012001010040
005 20140102111304.0
010    @a978-7-5125-0571-1@dCNY31.20
099    @aCAL 012014013089
100    @a20140226d2013 em y0chiy50 ea
101 0  @achi
102    @aCN@b110000
105    @ay a 000yy
106    @ar
200 1  @a毛泽东品书论人@Amao ze dong pin shu lun ren@f卢志丹著
210    @a北京@c国际文化出版公司@d2018重印
215    @a190页@d23cm
300    @a毛泽东读书心得
320    @a有书目 (第185-194页)
330    @a本书主要介绍毛泽东一生中品评史书、谈论人物的心得,展现了毛泽东读史的一个鲜明特点。毫无疑义,作为政治领袖和思想家的毛泽东决不是为读书而读书,而是以书为鉴,吸取和运用所读之书的经验、教训、智慧和各种启示,来为解决中国革命和建设中的现实问题服务,也就是毛泽东常说的古为今用。这也是毛泽东一生酷爱读书的志趣和目的所在。而他的品书论人,就具体生动地体现了这种志趣和目的。
606 0  @a毛泽东著作研究@Amao ze dong zhu zuo yan jiu@x古典文学@y中国
606 0  @a古典文学@Agu dian wen xue@x鉴赏@y中国
606 0  @a毛泽东著作研究@Amao ze dong zhu zuo yan jiu@x历史人物@y中国
690    @aA841.691@v5
690    @aI206.2@v5
701  0 @a卢志丹,@Alu zhi dan@f1976-@4著
801  2 @aCN@b上海新华@c20191020
905    @b1135394-7@dA841.691@e177@f4
    
    毛泽东品书论人/卢志丹著.-北京:国际文化出版公司,2018重印
    190页;23cm
    毛泽东读书心得
    
    ISBN 978-7-5125-0571-1:CNY31.20
    本书主要介绍毛泽东一生中品评史书、谈论人物的心得,展现了毛泽东读史的一个鲜明特点。毫无疑义,作为政治领袖和思想家的毛泽东决不是为读书而读书,而是以书为鉴,吸取和运用所读之书的经验、教训、智慧和各种启示,来为解决中国革命和建设中的现实问题服务,也就是毛泽东常说的古为今用。这也是毛泽东一生酷爱读书的志趣和目的所在。而他的品书论人,就具体生动地体现了这种志趣和目的。
●
相关链接 在E读中查询图书 在五车中查询图书 在当当中查询图书 在豆瓣中查询图书


正题名:毛泽东品书论人     索取号:A841.691/177         预约/预借

序号 登录号 条形码 馆藏地/架位号 状态 备注
1 1135394   211353943   第一样本阅览室/ [索取号:A841.691/177] 在馆    
2 1135395   211353952   第一借阅区/ [索取号:A841.691/177] 在馆    
3 1135396   211353961   第一借阅区/ [索取号:A841.691/177] 在馆    
4 1135397   211353970   第一借阅区/ [索取号:A841.691/177] 在馆    
唐山师范学院图书馆 欢迎您!
大连网信软件有限公司© 版权所有